<?xml version="1.0" encoding="UTF-8"?>
<record
    xmlns:xsi="http://www.w3.org/2001/XMLSchema-instance"
    xsi:schemaLocation="http://www.loc.gov/MARC21/slim http://www.loc.gov/standards/marcxml/schema/MARC21slim.xsd"
    xmlns="http://www.loc.gov/MARC21/slim">

  <leader>01230nam a2200193Ia 4500</leader>
  <datafield tag="952" ind1=" " ind2=" ">
    <subfield code="0">0</subfield>
    <subfield code="1">0</subfield>
    <subfield code="4">0</subfield>
    <subfield code="7">0</subfield>
    <subfield code="a">04</subfield>
    <subfield code="b">04</subfield>
    <subfield code="d">2011-11-16</subfield>
    <subfield code="l">27</subfield>
    <subfield code="o">K2271 C46</subfield>
    <subfield code="p">04 003724</subfield>
    <subfield code="r">2016-06-24</subfield>
    <subfield code="s">2016-06-21</subfield>
    <subfield code="t">1</subfield>
    <subfield code="w">2012-06-24</subfield>
    <subfield code="y">LB</subfield>
  </datafield>
  <datafield tag="999" ind1=" " ind2=" ">
    <subfield code="c">62988</subfield>
    <subfield code="d">62988</subfield>
  </datafield>
  <controlfield tag="008">120625s2010    sp            000 0 esp d</controlfield>
  <datafield tag="020" ind1=" " ind2=" ">
    <subfield code="a">9788481265040</subfield>
  </datafield>
  <datafield tag="050" ind1="1" ind2="4">
    <subfield code="a">K2271</subfield>
    <subfield code="b">C46</subfield>
  </datafield>
  <datafield tag="100" ind1="1" ind2=" ">
    <subfield code="a">CHOZAS Alonso, Jos&#xE9; Manuel</subfield>
    <subfield code="e">autor</subfield>
  </datafield>
  <datafield tag="245" ind1="1" ind2="3">
    <subfield code="a">El interrogatorio de testigos en los procesos civil y penal</subfield>
    <subfield code="b">: su pr&#xE1;ctica ante los tribunales</subfield>
    <subfield code="c">/ Jos&#xE9; Manuel Chozas Alonso</subfield>
  </datafield>
  <datafield tag="260" ind1="3" ind2=" ">
    <subfield code="a">Espa&#xF1;a</subfield>
    <subfield code="a">Madrid</subfield>
    <subfield code="b">: La ley</subfield>
    <subfield code="c">, 2010</subfield>
  </datafield>
  <datafield tag="300" ind1=" " ind2=" ">
    <subfield code="a">783 p&#xE1;ginas</subfield>
    <subfield code="c">; 25 cm</subfield>
  </datafield>
  <datafield tag="500" ind1=" " ind2=" ">
    <subfield code="a">Adaptado a las modificaciones introducidas por la ley 13/2009, de 3 de noviembre, de reforma de la legislaci&#xF3;n procesal para la implantaci&#xF3;n de la nueva Oficina Judicial</subfield>
  </datafield>
  <datafield tag="505" ind1=" " ind2=" ">
    <subfield code="a">Interrogatorio de testigos en el proceso civil
Interrogatorio de testigos en el proceso civil penal 
Testigo
Prueba de testigos 
Procedimiento del interrogatorio de testigos
Valoraci&#xF3;n del interrogatorio de testigos 
Garantias procesales 
Testimonios especiales 
Fase de instrucci&#xF3;n
Pr&#xE1;ctica de la prueba testifical en el juicio oral
Valoraci&#xF3;n del interrogatorio de testigos
</subfield>
  </datafield>
  <datafield tag="519" ind1=" " ind2=" ">
    <subfield code="a">Plan Flexible /</subfield>
    <subfield code="b">Criminal&#xED;stica /</subfield>
    <subfield code="c">T&#xE9;cnicas de Entrevista e Interrogatorio (B20) /</subfield>
    <subfield code="d">(04 003724)</subfield>
  </datafield>
  <datafield tag="650" ind1="1" ind2="0">
    <subfield code="a">PROCESO PENAL</subfield>
  </datafield>
  <datafield tag="650" ind1="2" ind2="0">
    <subfield code="a">JUICIOS ORALES</subfield>
  </datafield>
  <datafield tag="942" ind1=" " ind2=" ">
    <subfield code="2">lcc</subfield>
    <subfield code="c">LB</subfield>
  </datafield>
</record>
